| 000 | 02958nam0a2200385 4500 | ||
|---|---|---|---|
| 001 | RU\NLR\bibl\1526597 | ||
| 005 | 20260406012248.0 | ||
| 010 |
_a5-86813-140-1 _9350 |
||
| 021 |
_aRU _b2010-37640 _92524 |
||
| 035 | _a(nilc)RSL-KNO-004648672 | ||
| 035 | _a(NLR Aleph) 001517942 | ||
| 090 |
_a122026 _c122026 |
||
| 100 | _a20100519d2009 |||y0rusy50 ca | ||
| 101 | 0 |
_arus _deng _eeng |
|
| 102 | _aRU | ||
| 105 | _aa zzzz||||| | ||
| 200 | 1 |
_aОхрана и мониторинг поверхностных вод суши _eучебник для студентов высших учебных заведений, обучающихся по специальности "Гидрология", направление подготовки дипломированных специалистов "Гидрометеорология" _fА. М. Владимиров, В. Г. Орлов _gМ-во образования и науки Российской Федерации, Федеральное агентство по образованию, Гос. образовательное учреждение высш. проф. образования Российский гос. гидрометеорологический ун-т |
|
| 210 |
_aСанкт-Петербург _cРГГМУ _d2009 |
||
| 215 |
_a219 с. _cил., табл. _d20 |
||
| 320 | _aБиблиогр.: с. 214-215 (39 назв.) | ||
| 606 | 1 |
_aПоверхностные воды _jУчебники для высших учебных заведений _xМониторинг _92205124 _3RU\NLR\auth\661324893 |
|
| 606 | 1 |
_aПоверхностные воды _jУчебники для высших учебных заведений _xОхрана _91886243 _3RU\NLR\auth\66857552 |
|
| 610 | 0 | _aНауки о Земле (геодезические, геофизические, геологические и географические науки) -- Геофизические науки -- Гидрология суши -- Использование и охрана вод суши -- Учебник для высшей школы | |
| 610 | 0 | _aБиологические науки -- Гидробиология -- Экологические факторы водной среды -- Методика и техника научно-исследовательской работы -- Учебник для высшей школы | |
| 686 |
_aД222,8я73-1 _2rubbk |
||
| 686 |
_aЕ082.1с.я73-1 _2rubbk |
||
| 686 | _aД222в610 | ||
| 686 | _aД222.8 | ||
| 700 | 1 |
_4070 _7ca _8rus _aВладимиров _bА. М. _cд-р геогр. наук _gАнатолий Михайлович _9100689 _3RU\NLR\auth\77117764 |
|
| 701 | 1 |
_4070 _7ca _8rus _aОрлов _bВ. Г. _cканд. геогр. наук _gВадим Георгиевич _970814 _3RU\NLR\auth\7787886 |
|
| 801 | 0 |
_aRU _bРГБ _c20100519 _gRCR |
|
| 801 | 1 |
_aRU _bРГБ _c20100519 |
|
| 801 | 2 |
_aRU _bNLR _c20100622 _grcr |
|
| 942 | _cBOOK | ||
| 980 | _aNB | ||